Heat and Thermodynamics , (Record no. 609536)

000 -LEADER
fixed length control field 00412nam a22001457a 4500
040 ## - CATALOGING SOURCE
Transcribing agency NUST
082 ## - DEWEY DECIMAL CLASSIFICATION NUMBER
Classification number 536
Author Mark ZEM
100 ## - MAIN ENTRY--PERSONAL NAME
Personal name Zemansky ,Mark .W
9 (RLIN) 123308
110 ## - MAIN ENTRY--CORPORATE NAME
Corporate name or jurisdiction name as entry element Dittman , Richard .H
9 (RLIN) 123309
245 ## - TITLE STATEMENT
Title Heat and Thermodynamics ,
Remainder of title An Intermediate Textbook
250 ## - EDITION STATEMENT
Edition statement 7th
260 ## - PUBLICATION, DISTRIBUTION, ETC.
Place of publication, distribution, etc. Pakistan:
Name of publisher, distributor, etc. National book Foundation,
Date of publication, distribution, etc. 2007 .
650 ## - SUBJECT ADDED ENTRY--TOPICAL TERM
Topical term or geographic name entry element Heat and Thermodynamics ,
9 (RLIN) 59851
942 ## - ADDED ENTRY ELEMENTS (KOHA)
Source of classification or shelving scheme
Koha item type Book

No items available.

© 2023 Central Library, National University of Sciences and Technology. All Rights Reserved.